000 00459nam a2200217Ia 4500
001 067839
003 YMCAF
005 20230512160454.0
008 100717s9999 ||||||||||||||||| ||und|d
020 _a-
024 _a67839
035 _a7302
040 _aYMCAF
_beng
_cIN-KoLT
041 _aeng
100 _aTTP, LAHORE
245 0 _aTRADE TRAINING 1 YEAR PROGRAMME ARMATURE WINDER
250 _a-
653 _a-
653 _a-
942 _2ddc
_cBK
999 _c4748
_d4748